मार्कण्डेय की कहानियां / (Record no. 116651)

MARC details
000 -LEADER
fixed length control field 01046nam a22002537a 4500
005 - DATE AND TIME OF LATEST TRANSACTION
control field 20170124103042.0
010 ## - LIBRARY OF CONGRESS CONTROL NUMBER
LC control number B-077202
020 ## - INTERNATIONAL STANDARD BOOK NUMBER
Terms of availability 500.00
035 ## - SYSTEM CONTROL NUMBER
System control number B-077202
037 ## - SOURCE OF ACQUISITION
Source of stock number/acquisition Cen Lib/Ret
040 ## - CATALOGING SOURCE
Original cataloging agency DPL
Language of cataloging HN
082 ## - DEWEY DECIMAL CLASSIFICATION NUMBER
Classification number
Item number मार्कण्डे
100 ## - MAIN ENTRY--PERSONAL NAME
Personal name मार्कण्डेय
9 (RLIN) 43304
245 ## - TITLE STATEMENT
Title मार्कण्डेय की कहानियां /
Statement of responsibility, etc मार्कण्डेय
246 ## - VARYING FORM OF TITLE
Title proper/short title Markandey ki kahaniyan /
Remainder of title by Markandey
260 ## - PUBLICATION, DISTRIBUTION, ETC. (IMPRINT)
Place of publication, distribution, etc इलाहाबाद
Name of publisher, distributor, etc लोकभारती
Date of publication, distribution, etc 2002
270 ## - ADDRESS
Address 15-ए, महात्मा गाँधी मार्ग
City इलाहाबाद
300 ## - PHYSICAL DESCRIPTION
Extent 537पृ.
Dimensions 21सेमी(सजिल्द )
650 ## - SUBJECT ADDED ENTRY--TOPICAL TERM
Topical term or geographic name as entry element हिंदी साहित्य
General subdivision
Geographic subdivision
9 (RLIN) 67582
650 ## - SUBJECT ADDED ENTRY--TOPICAL TERM
Topical term or geographic name as entry element हिंदी साहित्य--कहानियां
9 (RLIN) 42761
650 ## - SUBJECT ADDED ENTRY--TOPICAL TERM
Topical term or geographic name as entry element Hindi literature
Form subdivision
9 (RLIN) 67583
650 ## - SUBJECT ADDED ENTRY--TOPICAL TERM
Topical term or geographic name as entry element Hindi literature--Stories
9 (RLIN) 67584
942 ## - ADDED ENTRY ELEMENTS (KOHA)
Source of classification or shelving scheme Dewey Decimal Classification
Koha item type Hindi Books
Classification part
Call number suffix मार्कण्डे
Holdings
Withdrawn status Lost status Damaged status Not for loan Home library Current library Date acquired Source of acquisition Cost, normal purchase price Total Checkouts Total Renewals Full call number Barcode Date last seen Date checked out Copy number Cost, replacement price Price effective from Koha item type
        Central Library Central Library 25/08/2015 Cen Lib/Ret 500.00 3 1 क मार्कण्डे B-077202 15/06/2024 29/05/2024 1 500.00 25/08/2015 Hindi Books

© Delhi Public Library
Hit Counter
free hit counter